Diagnóstico de fallas en motores de combustión
Պահպանված է:
| Հիմնական հեղինակ: | |
|---|---|
| Ձևաչափ: | Գիրք |
| Լեզու: | իսպաներեն |
| Հրապարակվել է: |
San José
Instituto Interamericano de Cooperación para la Agricultura
1985
|
| Շարք: | IICA. Serie de Libros y Materiales de Educativos, 57
|
| Խորագրեր: | |
| Ցուցիչներ: |
Ավելացրեք ցուցիչ
Չկան պիտակներ, Եղեք առաջինը, ով նշում է այս գրառումը!
|
MARC
| LEADER | 00000cam a2200000 a 4500 | ||
|---|---|---|---|
| 001 | UCQ3442 | ||
| 003 | CL-VaPUC | ||
| 008 | 980821e19850000CR |||||||||||||||||spa|d | ||
| 082 | 0 | 4 | |a 629 |b GIL |2 21 |
| 100 | |a Gilardi Rodríguez, Jaime |e author |9 417596 | ||
| 245 | 1 | 0 | |a Diagnóstico de fallas en motores de combustión |
| 300 | |a 81 p | ||
| 942 | |c BK | ||
| 945 | |d 19980821 00:00:00 |a mvenant | ||
| 260 | |a San José |b Instituto Interamericano de Cooperación para la Agricultura |c 1985 | ||
| 650 | 0 | |a Motores de combustión interna |9 261038 | |
| 650 | 7 | |a MANTENIMIENTO Y REPARACION |2 CL-VaPUC |9 260850 | |
| 583 | |a last modification |c 20160418 09:28:40 |k Rodrigo Vera | ||
| 490 | 0 | |a IICA. Serie de Libros y Materiales de Educativos, 57 | |
| 999 | |c 274020 |d 274018 | ||
| 952 | |0 0 |1 0 |4 0 |6 629_000000000000000_GIL_1985 |7 0 |8 A |9 310063 |a BIBAGR |b BIBAGR |d 2019-11-20 |i 3454355 |o 629 GIL 1985 |p 3454355 |r 2025-01-20 |w 2019-11-20 |y BK |k AGR | ||
| 952 | |0 0 |1 0 |3 erb |4 0 |6 629_000000000000000_GIL_1985 |7 0 |8 A |9 310064 |a BIBAGR |b BIBAGR |i 5282128 |o 629 GIL 1985 |p 5282128 |r 2025-01-20 |w 2019-11-20 |y BK |z Catalogado en:20160414 |k AGR | ||